000 00813cab a2200229 4500
001 WB2835-11
008 090401t1992 xxu||||| |||| 00| 0 eng d
035 _a(Sirsi) u6849
041 _aeng
100 _aBrown, Stephen
245 _aLongevity of building components
260 _c1992
350 _a0
490 _aCS Monthly
_bthe Building Surveyor
_v2(1) September 1992, 6(1)
520 _aReviews the RICS publication,"Life expectancies of building components - preliminary results from a survey of building surveyors` views" which attempts to assess the life span of different building materials.
650 _aBUILT ENVIRONMENT-BUILDING MATERIALS
650 _aLIFE EXPECTANCY
690 _aBUILT ENVIRONMENT-BUILDING MATERIALS
700 _aBarrett, Peter
942 _n0
948 _c04/03/1997
999 _c4073
_d4073